Asesinato en el Orient Express

Guardat en:
Dades bibliogràfiques
Autor principal: Christie, Agatha (Autor)
Format: Llibre
Idioma:espanyol
Publicat: Buenos Aires Planeta DeAgostini 2017
Edició:1a. ed
Col·lecció:Biblioteca Agatha Christie
Matèries:
Etiquetes: Afegir etiqueta
Sense etiquetes, Sigues el primer a etiquetar aquest registre!

MARC

LEADER 00000cam a2200000 a 4500
001 UCC4575
003 CL-VaPUC
008 180810e20170000ag |||||||||||||||||spa|d
020 |a 9789504956709 
082 0 4 |a 823  |b CHR  |2 21 
100 0 |a Christie, Agatha  |e author  |9 598757 
245 1 0 |a Asesinato en el Orient Express 
250 |a 1a. ed 
300 |a 200 p 
942 |c BK 
945 |d 20180810 15:16:00  |a dcastane 
260 |a Buenos Aires  |b Planeta DeAgostini  |c 2017 
650 0 |a Novelas inglesas  |9 265220 
650 0 |a Literatura inglesa  |9 312907 
650 7 |a NOVELAS POLICIACAS INGLESAS  |2 CL-VaPUC  |9 598758 
583 |a last modification  |c 20180810 15:16:00  |k Rodrigo Vera 
490 0 |a Biblioteca Agatha Christie 
999 |c 372027  |d 372025 
952 |0 0  |1 0  |3 erb  |4 0  |6 823_000000000000000_CHR_2017  |7 0  |8 C  |9 489251  |a BIBCUR  |b BIBCUR  |i 5487234  |l 6  |m 4  |o 823 CHR 2017  |p 5487234  |r 2025-05-05  |s 2025-04-25  |w 2019-11-24  |y BK  |z Catalogado en:20180810  |k CAC